[Event "Berkeley CC Capablanca FNM; 30/90, SD/3"]
[Site "Berkeley"]
[Date "2011.09.16"]
[Round "1.17"]
[White "McGloin, Andrew"]
[Black "Glasscoe, Alan"]
[Result "0-1"]
[WhiteElo "1449"]
[BlackElo "1808"]
[PlyCount "48"]
[EventDate "2011.??.??"]
[SourceDate "2007.10.22"]

1. Nf3 Nc6 2. g3 e5 3. d3 f5 4. Bg2 Nf6 5. O-O Bc5 6. b3 O-O 7. Bb2 d6 8. Nbd2
a6 9. e4 Qe8 10. Re1 f4 11. c3 fxg3 12. hxg3 Qh5 13. Nh2 Bxf2+ 14. Kh1 (14.
Kxf2 Ng4+ 15. Ke2 Rf2#) 14... Ng4 15. Ndf1 Bxe1 16. Kg1 (16. Qxe1 Rxf1+ 17.
Qxf1 Qxh2#) 16... Bf2+ 17. Kh1 Qg6 (17... Bxg3) 18. Bh3 Nxh2 19. Kxh2 Bxh3 20.
Kxh3 Bb6 21. Qd2 Rf2 22. Qd1 Qh6+ 23. Kg4 g6 24. Bc1 Qh5# 0-1

[Event "Berkeley CC Capablanca FNM; 30/90, SD/3"]
[Site "Berkeley"]
[Date "2011.10.07"]
[Round "4.12"]
[White "McGloin, Andrew"]
[Black "Li Jr, William"]
[Result "0-1"]
[WhiteElo "1449"]
[BlackElo "1489"]
[PlyCount "76"]
[EventDate "2011.??.??"]
[SourceDate "2007.10.22"]

1. d4 Nf6 2. c4 g6 3. Nf3 Bg7 4. Nc3 d5 5. h3 O-O 6. Bg5 dxc4 7. e3 Be6 8. Bxf6
Bxf6 9. Nd2 c5 10. Nde4 cxd4 11. Nxf6+ exf6 12. Qxd4 Nc6 13. Qxd8 Rfxd8 14. Rc1
Ne5 15. Rd1 Rxd1+ 16. Kxd1 Rd8+ 17. Kc2 Nd3 18. Bxd3 Rxd3 19. Rd1 Rxd1 20. Kxd1
f5 21. Kc2 a6 22. a4 Kg7 23. f3 g5 24. g3 f4 25. gxf4 gxf4 26. e4 Bxh3 27. Nd5
Be6 28. Nxf4 b5 29. axb5 axb5 30. e5 Kf8 31. Kc3 Ke7 32. Kd4 f6 33. Nh5 fxe5+
34. Kxe5 Bf7 35. Ng7 b4 36. Kd4 Kf6 37. Nh5+ Bxh5 38. Kc5 c3 0-1

[Event "?"]
[Site "?"]
[Date "2010.01.22"]
[Round "3"]
[White "Moore Jr, John Robert"]
[Black "Shaughnessy, Elizabeth"]
[Result "0-1"]
[WhiteElo "1117"]
[BlackElo "1507"]
[PlyCount "18"]
[EventDate "2010.01.23"]
[SourceDate "2007.10.22"]

1. e4 e5 2. Nc3 Nf6 3. Bc4 Bc5 4. d3 d6 5. Nge2 Ng4 6. O-O Qh4 7. h3 Nxf2 8.
Qe1 Nxd3+ (8... Nxh3+ 9. Kh2 Nf2+ 10. Kg1 Qh1#) 9. Kh2 Nxe1 0-1

[Event "Berkeley CC FNM; 30/90, SD/30"]
[Site "Berkeley"]
[Date "2009.05.29"]
[Round "5"]
[White "Moore, John Robert"]
[Black "Magganas, Aristotle"]
[Result "1-0"]
[WhiteElo "1130"]
[BlackElo "1273"]
[PlyCount "59"]
[EventDate "2009.??.??"]
[SourceDate "2007.10.22"]

1. d4 Nf6 2. Nf3 d5 3. e3 Bf5 4. Bd3 Bxd3 5. Qxd3 e6 6. O-O Bd6 7. Nbd2 Nbd7 8.
Re1 c6 9. e4 Qc7 10. e5 Be7 11. exf6 gxf6 12. Nf1 O-O-O 13. g3 Rdg8 14. Bf4
Qxf4 15. Kh1 Qc7 16. Rac1 c5 17. c4 b6 18. cxd5 Qd6 19. dxe6 fxe6 20. Qa6+ Kc7
21. b4 Qc6 22. bxc5 Qxf3+ 23. Kg1 bxc5 24. Rxe6 Rg5 25. Rxe7 Qc6 26. Qxc6+ Kxc6
27. dxc5 Re5 28. Rxe5 fxe5 29. Kg2 Rb8 30. Rc4 {
remainder illegible; W won in 55} 1-0

[Event "Blackburne Friday Night Marathon"]
[Site "Berkeley"]
[Date "2009.04.03"]
[Round "4.13"]
[White "Moore, John Robert"]
[Black "Magganas, Aristotle"]
[Result "0-1"]
[WhiteElo "1295"]
[BlackElo "1097"]
[PlyCount "54"]
[EventDate "2009.??.??"]
[SourceDate "2007.10.22"]

1. e4 e5 2. Nc3 Nf6 3. Bc4 Nc6 4. d3 Bc5 5. Na4 d6 6. Nxc5 dxc5 7. Ne2 h6 8.
O-O O-O 9. f4 Bg4 10. Qe1 Bxe2 11. Qxe2 exf4 12. Bxf4 b6 13. a3 Re8 14. Rf3 Nd4
15. Qe3 Nxf3+ 16. Qxf3 Qd4+ 17. Kh1 Qxb2 18. Rc1 Rad8 19. Qg3 g5 20. Bd2 Nxe4
21. Qf3 Nxd2 22. Qxf7+ Kh8 23. Rg1 Nxc4 24. Qxc4 Qd4 25. Qxd4+ Rxd4 26. h3 Re2
27. Rc1 Ra4 0-1

[Event "Berkeley CC FNM; 30/90, SD/30"]
[Site "Berkeley"]
[Date "2009.06.05"]
[Round "6.7"]
[White "Moore, John Robert"]
[Black "Muntean, Tudor"]
[Result "0-1"]
[WhiteElo "1130"]
[BlackElo "1501"]
[PlyCount "46"]
[EventDate "2009.??.??"]
[SourceDate "2007.10.22"]

1. d4 f5 2. e3 Nf6 3. Bd3 d5 4. Nf3 e6 5. O-O Nbd7 6. Nbd2 Bd6 7. c4 c6 8. c5
Bc7 9. Ng5 Bxh2+ 10. Kxh2 Ng4+ 11. Kg1 Qxg5 12. Nf3 Qh5 13. Re1 Ndf6 14. Kf1
Qh1+ 15. Ke2 Qxg2 16. Rf1 O-O 17. Qe1 Ne4 18. Bxe4 fxe4 19. Nd2 b6 20. b4 Ba6+
21. Kd1 Bxf1 22. Nxf1 Nxf2+ 23. Kc2 Nd3+ 0-1

[Event "Blackburne Friday Night Marathon"]
[Site "Berkeley"]
[Date "2009.03.13"]
[Round "1"]
[White "Moore, John Robert"]
[Black "Shaughnessy, Elizabeth"]
[Result "0-1"]
[WhiteElo "1295"]
[BlackElo "1555"]
[PlyCount "66"]
[EventDate "2009.??.??"]
[SourceDate "2007.10.22"]

1. d4 Nf6 2. e3 e6 3. Bd3 Be7 4. Nf3 O-O 5. O-O c5 6. c3 Nc6 7. Nbd2 d5 8. Re1
Qc7 9. e4 cxd4 10. cxd4 Nb4 11. Bb1 dxe4 12. Nxe4 Nbd5 13. Nxf6+ Bxf6 14. Be4
Rd8 15. Bxd5 Rxd5 16. Be3 e5 17. Bg5 Bg4 18. Qb3 Be6 19. Qc3 Qxc3 20. bxc3 e4
21. Rxe4 Bxg5 22. Nxg5 Rxg5 23. Kh1 Bd5 24. Re2 Bxg2+ 25. Kg1 Bf3+ 26. Kf1
Bxe2+ 27. Kxe2 Re8+ 28. Kd3 Rg2 29. Rh1 Rxf2 30. Kc4 Rxa2 31. d5 Rd2 32. Rb1
Rc8+ 33. Kb4 Rxd5 0-1

[Event "Purdy FNM; 30/90, SD/30"]
[Site "Berkeley"]
[Date "2010.01.08"]
[Round "1.13"]
[White "Moore, John Robert"]
[Black "Sherwood, Peter"]
[Result "0-1"]
[WhiteElo "1117"]
[BlackElo "1713"]
[PlyCount "118"]
[EventDate "2010.??.??"]
[SourceDate "2007.10.22"]

1. e4 c5 2. Bc4 e6 3. Nc3 Nc6 4. a3 d6 5. Nf3 Nf6 6. d3 Be7 7. O-O O-O 8. Ne1
d5 9. exd5 exd5 10. Ba2 b6 11. Nf3 Bb7 12. Bg5 Qd7 13. Rb1 Nd8 14. Re1 Ne6 15.
Bh4 Rfe8 16. Ng5 Nf8 17. Bb3 a6 18. Qd2 Ng6 19. Bg3 Nh5 20. Rf1 h6 21. Nf3 Nxg3
22. fxg3 Bf6 23. Ne2 Re7 24. Rbe1 Bxb2 25. a4 Bf6 26. Nf4 Nxf4 27. gxf4 Rae8
28. Rxe7 Rxe7 29. Re1 Qc7 30. Rxe7 Qxe7 31. Qe1 Qxe1+ 32. Nxe1 Kf8 33. g3 Ke7
34. c4 Kd6 35. Bd1 dxc4 36. dxc4 Bc6 37. Kf2 b5 38. axb5 axb5 39. cxb5 Bxb5 40.
Bb3 c4 41. Ba2 Kc5 42. Ke3 Bd4+ 43. Kd2 c3+ 44. Kc1 Bc4 45. Bb1 Be2 46. Bd3
Bxd3 47. Nxd3+ Kc4 48. Kc2 f6 49. f5 Be3 50. g4 Bg5 51. Ne1 Bf4 52. h3 Bd2 53.
Ng2 Kd4 54. Nh4 Ke4 55. Ng6 Kf3 56. Ne7 Kg3 57. Nd5 Kxh3 58. Nxc3 Bxc3 59. Kxc3
Kxg4 0-1

[Event "Purdy FNM; 30/90, SD/30"]
[Site "Berkeley"]
[Date "2010.01.15"]
[Round "2.13"]
[White "Moore, John Robert"]
[Black "Yan, Jimmy"]
[Result "0-1"]
[WhiteElo "1117"]
[BlackElo "1402"]
[PlyCount "54"]
[EventDate "2010.??.??"]
[SourceDate "2007.10.22"]

1. d4 d5 2. e3 Nf6 3. Bd3 Nc6 4. Nd2 e5 5. dxe5 Nxe5 6. Be2 c5 7. f4 Nc6 8.
Ngf3 Bd6 9. O-O O-O 10. b3 a6 11. Bb2 b5 12. c4 b4 13. cxd5 Nxd5 14. e4 Ne3 15.
Qb1 Nxf1 16. Qxf1 Bxf4 17. Rd1 Qc7 18. Qf2 Be6 19. Bd3 Rfd8 20. Bb1 Rd7 21. Re1
Rad8 22. Bc1 Ne5 23. g3 Nxf3+ 24. Nxf3 Bxc1 25. Rxc1 Rd1+ 26. Rxd1 Rxd1+ 27.
Kg2 Rxb1 0-1

[Event "Berkeley CC FNM; 30/90, SD/30"]
[Site "Berkeley"]
[Date "2009.05.08"]
[Round "2.11"]
[White "Moore, John Robert"]
[Black "Yan, Jimmy"]
[Result "1-0"]
[WhiteElo "1130"]
[BlackElo "1317"]
[PlyCount "91"]
[EventDate "2009.??.??"]
[SourceDate "2007.10.22"]

1. d4 d5 2. Nf3 e6 3. e3 c5 4. c3 Nf6 5. Bd3 Nc6 6. Nbd2 b6 7. O-O Bd6 8. Re1
O-O 9. e4 dxe4 10. Nxe4 Bb7 11. Qc2 Re8 12. Nxf6+ Qxf6 13. Bxh7+ Kf8 14. Bg5
Bxh2+ 15. Kxh2 Qxg5 16. Nxg5 cxd4 17. Be4 dxc3 18. Qxc3 Rac8 19. Qf3 Rc7 20.
Rac1 Rec8 21. Bxc6 Bxc6 22. Rxc6 Ke8 23. Rxc7 Rxc7 24. Qh5 g6 25. Qh8+ Ke7 26.
Qg7 Kd8 27. Qf8+ Kd7 28. Qxf7+ Kc8 29. Rc1 Rxc1 30. Qxe6+ Kb7 31. Qxg6 Ka6 32.
Qd3+ Kb7 33. f4 Rc8 34. f5 Rc5 35. Ne4 Rc7 36. f6 a5 37. Qd5+ Kb8 38. f7 Rc8
39. Qd6+ Ka7 40. f8=Q Rxf8 41. Qxf8 Ka6 42. Nc3 b5 43. Qd6+ Kb7 44. Nxb5 a4 45.
Nc3 Kc8 46. Nxa4 1-0

[Event "Berkeley CC Ch2011 FNM; 30/90, SD/30"]
[Site "Berkeley"]
[Date "2011.12.09"]
[Round "6.6"]
[White "Morcos, John"]
[Black "Mueckenberger, Andrew"]
[Result "1-0"]
[WhiteElo "1853"]
[BlackElo "1804"]
[PlyCount "61"]
[EventDate "2011.??.??"]
[SourceDate "2007.10.22"]

1. e4 c5 2. Nf3 d6 3. d4 cxd4 4. Nxd4 Nf6 5. Nc3 a6 6. Be2 e6 7. Bf3 Be7 8. Be3
O-O 9. O-O Qc7 10. Qe2 Nc6 11. Nxc6 bxc6 12. Qc4 Nd7 13. Bf4 Rb8 14. b3 Rd8 15.
Rad1 Bb7 16. Bg4 Nb6 17. Qd3 a5 18. Qg3 Ba6 19. Rfe1 c5 20. e5 d5 21. Be2 Bxe2
22. Rxe2 Qc6 23. Bh6 Bf8 24. Bg5 Rdc8 25. Red2 c4 26. Ne2 Qc7 27. Rd4 cxb3 28.
cxb3 Qc2 29. R4d2 Qe4 30. Nd4 Nd7 31. h4 {remainder illegible} 1-0

[Event "Blackburne Friday Night Marathon"]
[Site "Berkeley"]
[Date "2009.03.13"]
[Round "1"]
[White "Morgan, Jerry"]
[Black "Krasnov, Steven L"]
[Result "0-1"]
[WhiteElo "1420"]
[BlackElo "1941"]
[PlyCount "59"]
[EventDate "2009.??.??"]
[SourceDate "2007.10.22"]

1. f4 c5 2. Nf3 Nc6 3. e4 d6 4. Be2 g6 5. O-O Bg7 6. c3 Nf6 7. e5 dxe5 8. fxe5
Ng4 9. d4 cxd4 10. cxd4 Qb6 11. Kh1 h5 12. Nc3 Bf5 13. Nd5 Qa5 14. Ne3 Rd8 15.
Nxf5 gxf5 16. Qb3 Qc7 17. h3 e6 18. Bb5 Kf8 19. Bxc6 bxc6 20. Kg1 Qd7 21. Qb4+
Kg8 22. Bg5 f6 23. Bf4 fxe5 24. hxg4 exf4 25. gxf5 exf5 26. Rad1 h4 27. Qc4+
Qd5 28. b3 Rh6 29. Ne5 h3 30. Rxf4 {W time expired} 0-1

[Event "BCC Adolf Anderssen Friday Night Marath"]
[Site "Berkeley"]
[Date "2009.01.16"]
[Round "2.11"]
[White "Morgan, Jerry"]
[Black "Magganas, Aristotle"]
[Result "0-1"]
[WhiteElo "1393"]
[BlackElo "1096"]
[PlyCount "52"]
[EventDate "2009.??.??"]
[SourceDate "2007.10.22"]

1. f4 d5 2. Nf3 Nc6 3. e3 Nf6 4. Bb5 Bd7 5. b3 e6 6. Bb2 Bd6 7. O-O O-O 8. Bxc6
Bxc6 9. Ne5 Qe7 10. Ng4 Nd7 11. Nh6+ Kh8 12. Qg4 f6 13. Nf5 exf5 14. Qxf5 Qe4
15. Qxe4 dxe4 16. Nc3 Bb4 17. Rad1 Nb6 18. Ne2 Rad8 19. Nd4 Rfe8 20. Nxc6 bxc6
21. Rf2 Bc5 22. Re2 Rd6 23. Kf1 Red8 24. Ke1 R8d7 25. g4 Nd5 26. Bc1 Nxe3 0-1

[Event "Shorman Sunday Night Marathon"]
[Site "?"]
[Date "2008.01.27"]
[Round "6"]
[White "Morgan, Jerry"]
[Black "Mann, Steven"]
[Result "1/2-1/2"]
[WhiteElo "1494"]
[BlackElo "1457"]
[PlyCount "67"]
[EventDate "2008.??.??"]
[SourceDate "2007.10.22"]

1. f4 d5 2. Nf3 c5 3. e3 Nc6 4. Bb5 a6 5. Bxc6+ bxc6 6. b3 Nf6 7. Bb2 Bf5 8.
O-O e6 9. Ne5 Qc7 10. d3 Bd6 11. Nd2 O-O 12. Qe1 Rad8 13. e4 Bg6 14. Nxg6 fxg6
15. e5 Ng4 16. exd6 Qxd6 17. Qg3 h5 18. h3 c4 19. hxg4 c3 20. Bc1 cxd2 21. Bxd2
Qc5+ 22. Qe3 Qxc2 23. Qxe6+ Rf7 24. Ba5 Qc5+ 25. d4 Qxa5 26. gxh5 gxh5 27. f5
Qc3 28. Qe5 c5 29. Rac1 Qxd4+ 30. Qxd4 cxd4 31. Rcd1 Rdf8 32. Rxd4 Rxf5 33.
Rxf5 Rxf5 34. Ra4 1/2-1/2

[Event "BCC Josh Friedel Marathon"]
[Site "Berkeley"]
[Date "2008.08.15"]
[Round "6.9"]
[White "Morgan, Jerry"]
[Black "Nelson, Christopher"]
[Result "1-0"]
[WhiteElo "1425"]
[BlackElo "1492"]
[PlyCount "113"]
[EventDate "2008.??.??"]
[SourceDate "2007.10.22"]

1. f4 e5 2. fxe5 d6 3. exd6 Bxd6 4. Nf3 Nf6 5. d4 h6 6. Qd3 b6 7. e4 Qe7 8. e5
Nd5 9. c3 c6 10. Be2 Bc7 11. Na3 O-O 12. O-O Qd8 13. Qe4 Re8 14. Bd3 f5 15. Qh4
Qxh4 16. Nxh4 Ba6 17. Bxa6 Nxa6 18. Nxf5 b5 19. Nc2 Bb6 20. Nd6 Rxe5 21. Bd2
Re2 22. Rf2 Rxf2 23. Kxf2 Bc7 24. Ne4 Rf8+ 25. Kg1 Bf4 26. Re1 Nac7 27. g3 Bxd2
28. Nxd2 Rf6 29. Kg2 Rg6 30. Re4 Ne6 31. Kf2 Rf6+ 32. Ke2 Kf7 33. Ne3 Nxe3 34.
Kxe3 Ng5 35. Rf4 Nh7 36. Nf3 Ke7 37. Re4+ Kd7 38. Re5 g5 39. g4 Rf4 40. Rf5
Rxf5 41. gxf5 Kd6 42. Ne5 Kd5 43. b3 h5 44. h3 Kd6 45. c4 b4 46. Nd3 a5 47. Nc5
Kc7 48. Ne4 Kd7 49. d5 cxd5 50. cxd5 Ke7 51. Kd4 g4 52. hxg4 h4 53. Ke3 h3 54.
Kf3 Nf6 55. Nxf6 Kxf6 56. d6 Kf7 57. g5 1-0

[Event "Purdy FNM; 30/90, SD/30"]
[Site "Berkeley"]
[Date "2010.01.08"]
[Round "1.5"]
[White "Morgan, Jerry"]
[Black "Rumph, Todd F"]
[Result "0-1"]
[WhiteElo "1441"]
[BlackElo "1970"]
[PlyCount "54"]
[EventDate "2010.??.??"]
[SourceDate "2007.10.22"]

1. f4 Nf6 2. Nf3 g6 3. c3 Bg7 4. Qc2 O-O 5. e4 d6 6. Bc4 c5 7. O-O d5 8. exd5
Nxd5 9. d4 cxd4 10. Rd1 Nb6 11. Bb5 a6 12. Be2 Nc6 13. Kh1 Bf5 14. Bd3 Bxd3 15.
Qxd3 dxc3 16. Nxc3 Qxd3 17. Rxd3 Rfd8 18. Rxd8+ Rxd8 19. Bd2 Nc4 20. Be1 Nxb2
21. Rb1 Nd3 22. Ne4 h6 23. Bc3 Bxc3 24. Nxc3 Nxf4 25. Kg1 b5 26. Kf1 f5 27. g3
Rd3 0-1

[Event "George Koltanowski Sunday Marathon"]
[Site "?"]
[Date "2007.11.11"]
[Round "4"]
[White "Morgan, Jerry"]
[Black "Seidel, Michael"]
[Result "1-0"]
[WhiteElo "1473"]
[BlackElo "1346"]
[PlyCount "65"]
[EventDate "2007.10.28"]
[SourceDate "2007.10.22"]

1. f4 Nf6 2. Nf3 d6 3. d3 Bg4 4. e4 h6 5. Be2 Nc6 6. Nbd2 e6 7. b3 Nh5 8. Nc4
Bxf3 9. Bxf3 Qh4+ 10. g3 Nxg3 11. hxg3 Qxg3+ 12. Kf1 Nd4 13. Bg2 O-O-O 14. Rh3
Qg6 15. Bb2 Nc6 16. Qh5 Qh7 17. Qxf7 e5 18. fxe5 b5 19. exd6 Rd7 20. Qe8+ Rd8
21. Qxc6 Bxd6 22. Qxb5 Rhf8+ 23. Rf3 Bf4 24. Bh3+ Rd7 25. Bxd7+ Kd8 26. Bg4 Rf7
27. Qd5+ Ke8 28. Qa8+ Ke7 29. Ba3+ Bd6 30. Rxf7+ Kxf7 31. Nxd6+ cxd6 32. Bxd6
Qg6 33. Qf8# 1-0

[Event "BCC Grand ReOpening 2007"]
[Site "?"]
[Date "2007.10.14"]
[Round "6"]
[White "Morgan, Jerry"]
[Black "Seidel, Michael"]
[Result "1-0"]
[WhiteElo "1520"]
[BlackElo "1346"]
[PlyCount "142"]
[EventDate "2007.??.??"]
[SourceDate "2007.10.22"]

1. f4 Nf6 2. Nf3 g6 3. g3 Bg7 4. Bg2 c5 5. d3 b5 6. e4 d5 7. e5 Ng4 8. d4 c4 9.
O-O Nc6 10. c3 e6 11. Na3 a6 12. b3 Ne7 13. Nh4 Nh6 14. bxc4 bxc4 15. Nxc4 Nhf5
16. Nxf5 Nxf5 17. Ne3 Ne7 18. c4 Bb7 19. Ba3 h5 20. Bxe7 Kxe7 21. Qb3 Rb8 22.
Qa3+ Ke8 23. c5 Bc6 24. Rfb1 Bb5 25. Bf1 h4 26. Rb3 hxg3 27. hxg3 Bxf1 28. Nxf1
Ra8 29. Rb7 g5 30. Qa4+ Kf8 31. Qd7 Qxd7 32. Rxd7 gxf4 33. c6 f6 34. gxf4 fxe5
35. fxe5 Rg8 36. Kf2 Ke8 37. Ke2 Rc8 38. Rd6 Ke7 39. Rb1 Rc7 40. Rb7 Rxb7 41.
cxb7 Rb8 42. Rb6 Kd7 43. Ne3 Bf8 44. Nc2 a5 45. Kd3 Be7 46. Kc3 Bd8 47. Rb5 Bc7
48. Kd3 Ke7 49. Ne3 Kd7 50. a4 Kc6 51. Rc5+ Kxb7 52. Rb5+ Kc6 53. Rxb8 Bxb8 54.
Ng4 Kd7 55. Nf6+ Ke7 56. Ng8+ Kf7 57. Nf6 Kg6 58. Nd7 Bc7 59. Nf8+ Kf5 60. Ke3
Bd8 61. Nd7 Be7 62. Nb8 Bd8 63. Nc6 Bc7 64. Ne7+ Kg4 65. Nc8 Kg5 66. Nd6 Bxd6
67. exd6 Kf6 68. Kf4 e5+ 69. dxe5+ Ke6 70. Ke3 Kd7 71. Kd4 Ke6 1-0

[Event "Shorman Sunday Night Marathon"]
[Site "?"]
[Date "2008.01.13"]
[Round "4"]
[White "Morgan, Jerry"]
[Black "Shaughnessy, Elizabeth"]
[Result "0-1"]
[WhiteElo "1494"]
[BlackElo "1593"]
[PlyCount "80"]
[EventDate "2008.??.??"]
[SourceDate "2007.10.22"]

1. f4 Nf6 2. Nf3 d5 3. e3 c5 4. Be2 Nc6 5. O-O Bf5 6. d3 Qc7 7. Nh4 e6 8. Nd2
O-O-O 9. b3 h5 10. Bb2 Bg4 11. Ndf3 d4 12. Ng5 dxe3 13. Bxf6 gxf6 14. Ne4 Bxe2
15. Qxe2 Nd4 16. Qxe3 Nxc2 17. Qf3 Nxa1 18. Rxa1 f5 19. Ng5 Bg7 20. Rc1 Bd4+
21. Kh1 Kb8 22. b4 Rd7 23. Qf1 Be3 24. Rc4 Qd6 25. Nxf7 Rxf7 26. Ng6 Rg8 27.
Ne5 Rc7 28. b5 b6 29. Qf3 Bd4 30. Nc6+ Kc8 31. Ne7+ Rxe7 32. Qa8+ Qb8 33. Qc6+
Kd8 34. a4 Qb7 35. Qd6+ Rd7 36. Qc6 Qxc6 37. bxc6 Rc7 38. g3 Rxc6 39. Kg2 e5
40. Kf3 Ke7 0-1

[Event "BCC Grand ReOpening 2007"]
[Site "?"]
[Date "2007.10.07"]
[Round "5"]
[White "Morgan, Jerry"]
[Black "Sherwood, Peter"]
[Result "0-1"]
[WhiteElo "1520"]
[BlackElo "1787"]
[PlyCount "66"]
[EventDate "2007.??.??"]
[SourceDate "2007.10.22"]

1. f4 d5 2. Nf3 Nf6 3. e3 c5 4. Be2 g6 5. O-O Bg7 6. d3 O-O 7. Nc3 Nc6 8. e4
dxe4 9. dxe4 e6 10. e5 Nd5 11. Nb5 a6 12. Nd6 Bh6 13. g3 Qb6 14. c4 Nde7 15. b3
Nf5 16. Ne4 Bg7 17. Bd3 Rd8 18. Rf2 Bd7 19. Rd2 Ncd4 20. Nxd4 Nxd4 21. Bb2 Bc6
22. Nd6 Nf3+ 23. Kf2 Nxd2 24. Qxd2 Rd7 25. Qe2 Rad8 26. Rb1 Qc7 27. Ke3 b6 28.
h4 Rxd6 29. exd6 Qxd6 30. Bxg7 Kxg7 31. Kd2 Qd4 32. Qe5+ Qxe5 33. fxe5 Be4 0-1

[Event "Blackburne Friday Night Marathon"]
[Site "Berkeley"]
[Date "2009.04.17"]
[Round "6.13"]
[White "Morgan, Jerry"]
[Black "Yan, Jimmy"]
[Result "0-1"]
[WhiteElo "1420"]
[BlackElo "1315"]
[PlyCount "72"]
[EventDate "2009.??.??"]
[SourceDate "2007.10.22"]

1. f4 c5 2. Nf3 d6 3. e4 Nc6 4. Be2 Qc7 5. O-O e6 6. c3 Nf6 7. d3 g6 8. Na3 a6
9. Nh4 Bg7 10. f5 Bd7 11. Bg5 h6 12. Bxf6 Bxf6 13. fxg6 Bxh4 14. gxf7+ Ke7 15.
d4 cxd4 16. Rc1 dxc3 17. Rxc3 Qb6+ 18. Kh1 Raf8 19. Nc4 Qc7 20. Bh5 b5 21. Ne3
Bf6 22. Rxf6 Kxf6 23. Qf3+ Ke7 24. Ng4 Kd8 25. Qf6+ Kc8 26. e5 b4 27. Rc1 Kb8
28. Qf1 dxe5 29. Qxa6 Qb7 30. Qd3 Kc7 31. Nxe5 Rd8 32. Qg6 Qb5 33. Qxe6 Bxe6
34. Rxc6+ Kb7 35. Rc1 Bxa2 36. Ng6 Qxh5 0-1

[Event "David Pruess FNM; 30/90, SD/30"]
[Site "Berkeley"]
[Date "2008.10.10"]
[Round "6.11"]
[White "Morgan, Jerry"]
[Black "Zeng, Kairui"]
[Result "1/2-1/2"]
[WhiteElo "1444"]
[BlackElo "1007"]
[PlyCount "40"]
[EventDate "2008.??.??"]
[SourceDate "2007.10.22"]

1. f4 Nc6 2. Nf3 d5 3. e3 Bf5 4. d3 Nf6 5. Be2 e6 6. O-O Bd6 7. Nbd2 O-O 8. Nb3
Bg4 9. Nbd4 Nxd4 10. Nxd4 Bxe2 11. Qxe2 b6 12. Nf3 c5 13. e4 dxe4 14. dxe4 e5
15. fxe5 Bxe5 16. Nxe5 Qd4+ 17. Kh1 Qxe5 18. Rf5 Qxe4 19. Re5 Qxe2 20. Rxe2
Rad8 1/2-1/2

[Event "Berkeley CC Colle FNM; 30/90, SD/30"]
[Site "Berkeley"]
[Date "2011.07.15"]
[Round "6.8"]
[White "Motschenbacher, Von"]
[Black "Alcaraz, Joel"]
[Result "1/2-1/2"]
[WhiteElo "1697"]
[BlackElo "1638"]
[PlyCount "117"]
[EventDate "2011.??.??"]
[SourceDate "2007.10.22"]

1. c4 c6 2. Nc3 Nf6 3. g3 d5 4. cxd5 cxd5 5. d4 Nc6 6. Bg2 e6 7. Nf3 Bd6 8. O-O
a6 9. Bg5 O-O 10. Qd2 h6 11. Bh4 Be7 12. Ne5 g5 13. Bxg5 hxg5 14. Qxg5+ Kh8 15.
e4 Nh7 16. Qh5 Nxe5 17. dxe5 d4 18. Nd5 exd5 19. exd5 Qe8 20. Be4 f5 21. Qxe8
Rxe8 22. Bd3 Bc5 23. f4 Bd7 24. Rfc1 Bb6 25. Kg2 Rad8 26. a4 Bc8 27. Rxc8 Rxc8
28. Bxf5 Rcd8 29. d6 Nf8 30. Rc1 Kg7 31. b4 a5 32. bxa5 Bxa5 33. Rc5 Bb6 34.
Rb5 Nd7 35. a5 Bxa5 36. Rxb7 Rf8 37. Bg4 Rf7 38. e6 Rf6 39. e7 Rxd6 40. exd8=Q
Bxd8 41. Bxd7 Kf7 42. Bb5+ Ke6 43. Bd3 Rc6 44. Kf3 Rc5 45. Ke4 Rh5 46. Rb2 Bf6
47. g4 Rh3 48. Re2 Kd6 49. Ba6 Kc5 50. g5 Bh8 51. Bc8 Rc3 52. f5 Kd6 53. f6
Rxc8 54. Kxd4 Rf8 55. Rf2 Ke6 56. Re2+ Kf5 57. Re5+ Kg6 58. h4 Rxf6 59. gxf6
1/2-1/2

[Event "Berkeley CS Rubinstein FNM; 30/90, SD/3"]
[Site "Berkeley"]
[Date "2011.08.12"]
[Round "3.4"]
[White "Motschenbacher, Von"]
[Black "Chamberlain, Ethan"]
[Result "0-1"]
[WhiteElo "1772"]
[BlackElo "1931"]
[PlyCount "42"]
[EventDate "2011.??.??"]
[SourceDate "2007.10.22"]

1. c4 e5 2. Nc3 Nf6 3. Nf3 Nc6 4. g3 d5 5. cxd5 Nxd5 6. Bg2 Nb6 7. O-O Be7 8.
a3 O-O 9. b4 Be6 10. d3 Nd4 11. Nxd4 exd4 12. Na4 Bd5 13. Bxd5 Qxd5 14. Bd2
Rfe8 15. Re1 Nd7 16. e4 dxe3 17. Bxe3 Ne5 18. Nc3 Nf3+ 19. Kf1 Nxh2+ 20. Kg1
Nf3+ 21. Kf1 Qf5 0-1

[Event "BCC Annual Championship"]
[Site "?"]
[Date "2008.11.21"]
[Round "5.5"]
[White "Motschenbacher, Von"]
[Black "Cooklev, Steven"]
[Result "1-0"]
[WhiteElo "1765"]
[BlackElo "1287"]
[PlyCount "37"]
[EventDate "2008.??.??"]
[SourceDate "2007.10.22"]

1. c4 e6 2. Nc3 c6 3. d4 f5 4. e4 fxe4 5. Nxe4 Nf6 6. Bg5 Be7 7. Bxf6 Bxf6 8.
Nd6+ Ke7 9. Nxc8+ Qxc8 10. Nf3 d6 11. Bd3 Qe8 12. O-O Kd8 13. Re1 Nd7 14. Bf5
exf5 15. Rxe8+ Rxe8 16. Kf1 Kc7 17. Qa4 Nb6 18. Qa5 Kd7 19. Qxf5+ 1-0

[Event "Berkeley CC Ch2011 FNM; 30/90, SD/30"]
[Site "Berkeley"]
[Date "2011.11.04"]
[Round "1.1"]
[White "Motschenbacher, Von"]
[Black "Cunningham, Robin"]
[Result "1-0"]
[WhiteElo "1687"]
[BlackElo "2277"]
[PlyCount "96"]
[EventDate "2011.??.??"]
[SourceDate "2007.10.22"]

1. c4 e6 2. Nc3 d5 3. cxd5 exd5 4. d4 c5 5. e3 Nf6 6. Nf3 Nc6 7. g3 Be7 8. Bg2
O-O 9. O-O Bg4 10. Qb3 Bxf3 11. Bxf3 cxd4 12. Nxd5 Nxd5 13. Qxd5 Qb6 14. exd4
Rfd8 15. Qe4 Rxd4 16. Qe2 Bc5 17. Re1 Rd7 18. Be3 h6 19. Bxc5 Qxc5 20. Rac1 Qb6
21. Bxc6 bxc6 22. Red1 Rd5 23. Qc2 Rad8 24. Rxd5 Rxd5 25. Qxc6 Qxb2 26. Qc8+
Kh7 27. Qc2+ Qxc2 28. Rxc2 Ra5 29. f4 Kg6 30. Kf2 Ra3 31. Re2 Kf5 32. Kg2 f6
33. Kf2 h5 34. Kg1 g6 35. Kg2 h4 36. gxh4 Kxf4 37. h3 Rg3+ 38. Kh2 Rc3 39. Rg2
Kf5 40. Re2 Ra3 41. Kg2 Ra4 42. Kg3 Re4 43. Rf2+ Ke6 44. Rf4 Re3+ 45. Kg4 Ke5
46. Ra4 Re4+ 47. Rxe4+ Kxe4 48. Kg3 f5 1-0

[Event "Berkeley CC Capablanca FNM; 30/90, SD/3"]
[Site "Berkeley"]
[Date "2011.09.23"]
[Round "2.2"]
[White "Motschenbacher, Von"]
[Black "Gaffagan, Steven"]
[Result "0-1"]
[WhiteElo "1741"]
[BlackElo "2072"]
[PlyCount "103"]
[EventDate "2011.??.??"]
[SourceDate "2007.10.22"]

1. c4 Nf6 2. Nc3 e6 3. e4 c5 4. e5 Ng8 5. Nf3 Nc6 6. d4 cxd4 7. Nxd4 Nxe5 8.
Ndb5 a6 9. Nd6+ Bxd6 10. Qxd6 f6 11. Be3 Ne7 12. Bb6 Nf5 13. Qc5 Qe7 14. O-O-O
Qxc5 15. Bxc5 d6 16. Bb6 Bd7 17. Kb1 Bc6 18. Rg1 h5 19. h3 h4 20. f3 Ke7 21.
Bd3 Nh6 22. b3 Nhf7 23. Bc2 Nd7 24. Bf2 b5 25. Be4 Bxe4+ 26. Nxe4 bxc4 27. bxc4
Rac8 28. Rc1 f5 29. Nd2 Rc6 30. f4 Nf6 31. c5 d5 32. Nf3 Ne4 33. Bd4 Rg8 34.
Rge1 g5 35. fxg5 Nexg5 36. Nxh4 Ne4 37. Rc2 Rg3 38. Nf3 Neg5 39. Nh4 Ne4 40.
Nf3 {draw offer} Rg8 41. h4 Rb8+ 42. Ka1 Rb5 43. Rec1 Kf8 44. h5 Kg8 45. g4
fxg4 46. Rg1 g3 47. Ne5 Nxe5 48. Bxe5 Rbxc5 49. Re2 Rc1+ 50. Rxc1 Rxc1+ 51. Kb2
Rf1 52. Re3 0-1